| 000 | 00432nam a2200145Ia 4500 | ||
|---|---|---|---|
| 008 | 150509s9999 xx 000 0 und d | ||
| 082 | _a370.1931 BOW | ||
| 100 | _aBowles, Samuel | ||
| 245 | _aPlanning educational systems for economic growth | ||
| 260 | _aCambridge: | ||
| 260 | _bHarvard Unversity Press | ||
| 260 | _c1969 | ||
| 300 | _axv, 245p. :ill. ;21cm | ||
| 650 | _aEducational and SocietyInfluence of community on education | ||
| 999 |
_c5749 _d5749 |
||